MARC

LEADER 00000nam0a2200000 4500
001 266079
005 20231101233955.0
035 |a (RuTPU)RU\TPU\book\289083 
090 |a 266079 
100 |a 20140702d1986 k y0rusy50 ca 
101 0 |a rus 
102 |a RU 
105 |a a z 001zy 
200 1 |a Научные основы проектирования турбогенераторов  |f И. А. Глебов, Я. Б. Данилевич  |g Академия наук СССР (АН СССР) ; Всесоюзный научно-исследовательский институт электромашиностроения (ВНИИэлектромаш) ; отв. ред. Л. П. Гнедин 
210 |a Ленинград  |c Наука  |d 1986 
215 |a 184 с.  |c ил. 
320 |a Библиогр.: с. 175-182 
606 1 |a Турбогенераторы  |x Проектирование  |2 stltpush  |3 (RuTPU)RU\TPU\subj\62092  |9 79243 
610 1 |a развитие 
610 1 |a надежность 
610 1 |a охлаждение 
610 1 |a нагрузки 
610 1 |a статоры 
610 1 |a обмотки 
610 1 |a сердечники 
610 1 |a роторы 
610 1 |a узлы 
610 1 |a конструкции 
610 1 |a прочность 
675 |a 621.313.322-81  |v 3 
700 1 |a Глебов  |b И. А.  |g Игорь Алексеевич 
701 1 |a Данилевич  |b Я. Б.  |g Януш Брониславович 
702 1 |a Гнедин  |b Л. П.  |4 340 
712 0 2 |a Академия наук СССР (АН СССР)  |c (1925-1991)  |2 stltpush  |3 (RuTPU)RU\TPU\col\722 
712 0 2 |a Всесоюзный научно-исследовательский институт электромашиностроения (ВНИИэлектромаш)  |2 stltpush  |3 (RuTPU)RU\TPU\col\13871 
801 1 |a RU  |b 63413507  |c 20140702 
801 2 |a RU  |b 63413507  |c 20160615  |g RCR 
942 |c BK